00931nam a22002297a 4500999001700000003000900017008004100026040007100067082001500138100002300153245005700176260004200233300002800275505016000303650001900463650002200482650002300504700004300527942001600570945002000586952009500606 c18788d18788AR-CdUCM190515b ||||| |||| 00| 0 spa d aMUNICIPALIDAD PROVINCIAL DEL CUSCOcBIBLIOTECA MUNICIPAL DEL CUSCO a609 /bM79 aMorison, Elting E. aDel método empírico a la tecnología avanzada / aBuenos Aires :bLas paralelas,c1976. a203 páginas ;c21 cm. aContenido : El método empírico -- A modo de introducción -- Actividad creadora en los comienzos de Estados Unidos -- Las obras de John B. Jervis ...  aMétodo91191 aEmpírico939591 aTecnología91571 a)Barbera, Manuel (Traducción)927355 2ddccLIBROS arahd2019/05/15 002ddc4070aSCbSCcCARTd2019-05-15g30.00o609 / M79pSC0000001686r2019-05-15yLIBROS